Quizzes
Events
Quiz Creation
Community
Videos
Private Events
Remove Ads
Sign In
Join for FREE
Feedback
Dark Mode
Quiz Categories
Sports
Geography
Music
Movies
Television
Just For Fun
Miscellaneous
History
Literature
Language
Science
Gaming
Entertainment
Religion
Holiday
For Kids
Quiz Lab
Recent
Popular Today
Quiz Kudos Today
Editor Picks
Curator Picks
Quizzes by...
Day
Popularity
Type
Ratings
Length
Year
Community
Subscriptions
Recent Discussions
Orange Saloon
Badges
Playlists
Quests
Create
Leaderboards
Showdown
Live 5
Trivia Bingo
Activity
Puzzle Library
Sporcle Events
Private Events
Virtual Trivia
Globe League
Become a Host
Pub Owners
SporcleCon
Opinionation
Our Games
Videos
Blog
Mobile Apps
Partnerships
Remove Ads and Go Orange
Feedback
Music
Pop Music
The Beatles
Song
Album
Lyrics
Bands
Singers
Artist
Clip
Rock
Rap
Classical
Billboard
Country Music
Kpop
Taylor Swift
Music
Pop Music
The Beatles
Song
Album
Lyrics
Bands
Singers
Artist
Clip
Rock
Rap
Classical
Billboard
Country Music
Kpop
Taylor Swift
Random Quiz
Search Sporcle
×
Quiz Lab
Quiz Lab
Music
Song
Type in answers that appear in a list
Type in answers that appear in a list
Classic
Best Score? Go Orange.
Every UK Number 1 Single Part 4 2001-12 Stats
Can you name the Every UK Number 1 Single Part 4 2001-12?
By
ateweston85
20m
300 Questions
483 Plays
483 Plays
483 Plays
Comments
Comments
Give Quiz Kudos
Give Quiz Kudos
-
- Ratings
hide this ad
More Info
Replay
Link that replays current quiz
Next Quiz
Link to next quiz in quiz playlist
You Got
0%
They Got
Avg Score
73%
Avg Friend Score
Upgrade to see
Score Distribution
Jump to the score distribution portion of the page
Score
0/300
Timer
20:00
0
Plays Today
Year
% Correct
2010
Lady Gaga feat. Beyonce
97.7%
2009
Jay-Z feat. Rihanna and Kanye West
97.3%
2007
Beyonce and Shakira
96.9%
2007
Rihanna feat. Jay-Z
96%
2009
Lady Gaga feat. Colby O'Donis
96%
2009
Lady Gaga
96%
2009
Lady Gaga
96%
2011
Rihanna feat. Calvin Harris
96%
2003
Beyonce feat. Jay-Z
95.8%
2006
Beyonce feat. Jay-Z
95.8%
2008
Madonna feat. Justin Timberlake and Timbaland
95.8%
2008
Beyonce
95.8%
2004
Britney Spears
95.6%
2004
Britney Spears
95.6%
2006
Akon feat. Eminem
95.6%
2010
Katy Perry feat. Snoop Dogg
95.4%
2008
Estelle feat. Kanye West
95.2%
2008
Katy Perry
95%
2012
Katy Perry
95%
2002
Elvis Presley vs JXL
94.8%
2007
Kanye West
94.6%
2007
Timbaland feat. Nelly Furtado and Justin Timberlake
94.4%
2010
Usher feat. will.i.am
94.2%
2011
Rihanna feat. Drake
94.2%
2003
The Black Eyed Peas
93.8%
2005
Elvis Presley
93.8%
2005
Elvis Presley
93.8%
2005
Elvis Presley
93.8%
2009
The Black Eyed Peas
93.8%
2009
The Black Eyed Peas
93.8%
2009
The Black Eyed Peas
93.8%
2010
The Black Eyed Peas
93.8%
2002
Eminem
93.5%
2002
Eminem
93.5%
2004
Eminem
93.5%
2005
Eminem
93.5%
2008
Coldplay
93.5%
2012
Coldplay
93.5%
2008
Rihanna
93.3%
2010
Rihanna
93.3%
2009
Vanessa Jenkins and Bryn West feat Sir Tom Jones and Robin Gibb
92.9%
2006
Leona Lewis
92.3%
2007
Leona Lewis
92.3%
2008
Leona Lewis
92.3%
2001
Kylie Minogue
92.1%
2003
Kylie Minogue
92.1%
2006
Justin Timberlake
91.7%
2010
B.o.B. feat. Hayley Williams
91.7%
2001
Robbie Williams and Nicole Kidman
91.5%
2010
David Guetta and Chris Willis feat. Fergie and LMFAO
91.3%
2006
Shakira feat. Wyclef Jean
90.8%
2008
Dizzee Rascal feat. Calvin Harris and Chrome
90.4%
2009
Dizzee Rascal feat. Calvin Harris
90.4%
2002
Pink
90.2%
2005
Pussycat Dolls feat. Busta Rhymes
90.2%
2008
Pink
90.2%
2005
Pussycat Dolls
90%
2010
B.o.B. feat. Bruno Mars
90%
2007
The Proclaimers feat. Brian Potter and Andy Pipkin
89.6%
2002
Nelly and Kelly
89.4%
2004
Usher feat. Ludacris and Lil Jon
89.4%
2002
Blue feat. Elton John
88.8%
2007
Sugababes vs Girls Aloud
88.8%
2001
Robbie Williams
88.5%
2004
Robbie Williams
88.5%
2009
David Guetta feat. Akon
88.5%
2009
Alexandra Burke feat. Flo Rida
88.1%
2009
Peter Kay's Animated All Star Band
88.1%
2011
Jessie J feat. B.o.B.
88.1%
2003
Christina Aguilera
87.9%
2008
Kings of Leon
87.9%
2004
Usher
87.3%
2006
Take That
86.9%
2007
Take That
86.9%
2008
Take That
86.9%
2005
2 Pac feat. Elton John
86.7%
2001
Westlife
86.5%
2002
Westlife
86.5%
2002
Will Young and Gareth Gates
86.5%
2002
Westlife
86.5%
2003
Westlife
86.5%
2005
Westlife
86.5%
2006
Westlife
86.5%
2001
Daniel Bedingfield
85.8%
2002
Daniel Bedingfield
85.8%
2003
Daniel Bedingfield
85.8%
2010
Bruno Mars
85.8%
2011
Bruno Mars
85.8%
2011
Bruno Mars
85.8%
2012
Gary Barlow and the Commomwealth Band feat. Military Wives
85.6%
2012
Maroon 5 feat. Wiz Khalifa
85.4%
2003
R. Kelly
85.2%
2004
Ja Rule feat. R. Kelly and Ashanti
85.2%
2002
Girls Aloud
85%
2004
Girls Aloud
85%
2008
Girls Aloud
85%
2002
Will Young
84.8%
2002
Will Young
84.8%
2003
Will Young
84.8%
2010
Flo Rida feat. David Guetta
84.8%
Year
% Correct
2006
Chico
84.6%
2006
Scissor Sisters
84.6%
2003
Elton John
84%
2005
Madonna
84%
2006
Madonna
84%
2002
Gareth Gates
83.8%
2002
Gareth Gates
83.8%
2003
Gareth Gates and The Kumars
83.8%
2005
James Blunt
83.8%
2012
David Guetta feat. Sia
83.8%
2004
Band Aid 20
83.5%
2011
One Direction
83.5%
2002
Sugababes
83.1%
2002
Sugababes
83.1%
2003
Sugababes
83.1%
2005
Sugababes
83.1%
2007
Mika
83.1%
2007
Sugababes
83.1%
2001
Atomic Kitten
82.5%
2002
Atomic Kitten
82.5%
2004
Natasha Bedingfield
82.5%
2006
The Notorious B.I.G. feat. Diddy, Nelly, Jagged Edge and Avery Storm
82.5%
2004
McFly
82.3%
2004
McFly
82.3%
2005
McFly
82.3%
2005
McFly
82.3%
2006
McFly
82.3%
2006
McFly
82.3%
2007
McFly
82.3%
2009
David Guetta feat. Kelly Rowland
82.3%
2010
Scouting for Girls
82.1%
2009
Calvin Harris
81.5%
2012
will.i.am feat. Eva Simons
81.5%
2010
Shout for England feat. Dizzee Rascal and James Corden
81%
2006
Nelly Furtado
80.8%
2002
Oasis
80.6%
2005
Tony Christie feat. Peter Kay
80.6%
2005
Oasis
80.6%
2005
Oasis
80.6%
2009
Armand Van Helden vs Dizzee Rascal
80.6%
2010
Dizzee Rascal
80.6%
2011
LMFAO feat. Lauren Bennett and GoonRock
80.6%
2009
Lily Allen
80.4%
2004
Peter Andre feat. Bubbler Ranx
80.2%
2012
Cheryl
80.2%
2005
Arctic Monkeys
80%
2006
Arctic Monkeys
80%
2002
Christina Aguilera feat. Redman
79.6%
2009
Flo Rida feat. Ke$ha
79.6%
2003
Busted
79.4%
2003
Busted
79.4%
2004
Busted
79.4%
2004
Busted
79.4%
2009
Cheryl Cole
79.4%
2010
Cheryl Cole
79.4%
2009
Rage Against the Machine
79.2%
2004
Nelly
79%
2005
Nelly feat. Tim McGraw
79%
2011
Pitbull feat. Ne-Yo, Afrojack and Nayer
79%
2006
Gnarls Barkley
78.8%
2008
Alexandra Burke
78.8%
2010
Alexandra Burke feat. Laza Morgan
78.8%
2004
LMC vs U2
78.3%
2007
Kaiser Chiefs
78.3%
2009
Kelly Clarkson
78.3%
2011
Adele
78.3%
2005
Akon
77.9%
2012
Jessie J
77.9%
2004
U2
77.7%
2005
U2
77.7%
2005
Crazy Frog
76.9%
2003
t.A.t.U.
76.7%
2012
Carly Rae Jepsen
75.4%
2003
Evanescence
75%
2012
Gotye feat. Kimbra
74%
2008
Duffy
73.8%
2002
Enrique Iglesias
73.5%
2010
Owl City
73.5%
2010
Cee Lo Green
73.5%
2006
Ne-Yo
73.3%
2006
Lilly Allen
73.3%
2008
Ne-Yo
73.3%
2010
Ne-Yo
73.3%
2011
Jennifer Lopez feat. Pitbull
73.3%
2006
My Chemical Romance
73.1%
2008
The Ting Tings
72.9%
2012
Flo Rida
71.9%
2002
Ronan Keating
71.7%
2005
Stereophonics
71.7%
2011
Professor Green feat. Emeli Sande
71.7%
2012
Rita Ora feat. Tinie Tempah
71%
2009
JLS
70.2%
2009
JLS
70.2%
2010
JLS
70.2%
2010
JLS
70.2%
2011
JLS feat. Dev
70.2%
2005
Gorillaz feat. Shaun Ryder
70%
2011
Olly Murs feat. Rizzle Kicks
70%
2012
Fun feat. Janelle Monae
69.8%
2002
Las Ketchup
69.2%
Year
% Correct
2001
Afroman
69%
2001
Blue
68.8%
2001
Blue
68.8%
2010
Tinie Tempah feat. Eric Turner
68.8%
2002
DJ Sammy and Yanou feat. Do
68.3%
2005
Jennifer Lopez
68.3%
2004
Eamon
68.1%
2004
The Streets
68.1%
2009
Taio Cruz feat. Ludacris
68.1%
2010
The Wanted
67.9%
2011
The Wanted
67.9%
2010
Olly Murs
67.7%
2011
Olly Murs
67.7%
2002
George Harrison
67.5%
2010
Tinie Tempah
67.5%
2011
Kesha
65.2%
2007
Leon Jackson
65%
2009
La Roux
65%
2010
Taio Cruz
65%
2003
Michael Andrew and Gary Jules
64.6%
2002
Liberty X
64.4%
2002
Holly Valance
64.2%
2004
Eric Prydz
63.3%
2005
Shayne Ward
63.3%
2009
Cascada
62.9%
2006
Razorlight
62.1%
2011
Cher Lloyd
61.7%
2008
Kid Rock
61.5%
2001
DJ Otzi
61.3%
2007
Sean Kingston
61%
2007
Timbaland feat. Keri Hilson and D.O.E.
60.6%
2001
So Solid Crew
59.6%
2006
Sandi Thom
59.4%
2008
The X Factor Finalists 2008
59.2%
2009
The X Factor Finalists 2009
59.2%
2010
The X Factor Finalists 2010
59.2%
2011
The X Factor Finalists 2011
59.2%
2001
Bob the Builder
58.1%
2002
Darius
57.9%
2003
Room 5 feat. Oliver Cheatham
57.5%
2009
Pixie Lott
56.3%
2009
Pixie Lott
56.3%
2011
Pixie Lott
56.3%
2009
Tinchy Stryder feat. N-Dubz
55.4%
2010
Matt Cardle
55.4%
2012
Florence and the Machine
55.4%
2001
S Club 7
55%
2008
Basshunter feat. DJ Mental Theo's Bazzheadz
54.8%
2003
Kelly and Ozzy Osbourne
54.6%
2009
Joe McElderry
54.6%
2003
Blu Cantrell feat. Sean Paul
54.4%
2012
DJ Fresh feat. Rita Ora
54.2%
2011
Little Mix
54%
2004
Frankee
53.8%
2001
Five
52.3%
2002
Blazin' Squad
52.3%
2005
Ciara feat. Petey Pablo
52.3%
2011
Example
51.5%
2011
Example
51.5%
2004
DJ Casper
50.4%
2010
Iyaz
49.8%
2012
Chris Brown
49.6%
2010
Jason Derulo
49%
2011
Jason Derulo
49%
2004
Mario Winans feat. P. Diddy and Enya
48.8%
2007
Robyn with Kleerup
48.1%
2002
Aaliyah
47.9%
2006
Orson
47.9%
2004
Shapeshifters
46.5%
2005
Steve Brookstein
46%
2004
Sam & Mark
45.6%
2005
Nizlopi
45%
2004
Michelle McManus
44.6%
2011
DJ Fresh feat. Sian Evans
44.2%
2009
Tinchy Stryder feat. Amelle
43.8%
2009
Chipmunk feat. Dayo Olatunji
42.7%
2003
Fatman Scoop
42.3%
2011
Dappy
42.3%
2003
David Sneddon
41.7%
2001
Roger Sanchez
41.3%
2004
3 Of A Kind
41%
2006
Fedde Le Grand
39.6%
2006
Meck feat. Leo Sayer
39.4%
2011
Nicole Scherzinger
38.8%
2010
Yolanda Be Cool and DCUP
37.5%
2012
Tulisa
37.5%
2012
Rudimental feat. John Newman
37.3%
2011
Military Wives with Gareth Malone and Paul Mealor
36.9%
2004
Brian McFadden
36.7%
2010
Helping Haiti
35.8%
2003
Tomcraft
33.8%
2010
Roll Deep
33.8%
2010
Roll Deep
33.8%
2008
Mint Royale
33.3%
2010
Diana Vickers
32.9%
2012
Cover Drive
32.3%
2007
Katie Melua and Eva Cassidy
32.1%
2011
Nero
31.3%
2011
Wretch 32 feat. Josh Kumra
30%
2011
Sak Noel
28.3%
Quiz Playlist
Details
Report
Send in Message
Add To Playlist
More Info:
Name every band/artist to have had a UK number 1 single from 2001 to 2013
Classic:
Type in answers that appear in a list
Last Updated: Feb 16, 2017
Quiz Scoreboard
CHALLENGE
Sign Up to Join the Scoreboard
Show All
Scores
Hide
Comments
May contain spoilers
Recently Published
Presidents Visiting Landmarks
by Hejman
History
7m
An Introduction to Baseball
by treessimontrees
Sports
5m
Movies - When Are They Set?
by FPL_Elf
Movies
5m
More to Explore
Quiz From the Vault
Featured Blog Post
Where Did the Easter Bunny Come From?
hide this ad
You Might Also Like...
Tags
Numbers Quiz
Song Quiz
Single
Today's Top Quizzes in Music
Browse Music
hide this ad
Today's Top Quizzes in Song
Browse Song
Top Contributed Quizzes in Music
1
Taylor Swift All Songs (2024)
2
Guess the Artist- 70s Songs
3
Taylor Swift Logic Puzzle
4
KPOP LOGIC QUIZ
5
One Thing in Common: Music
6
2010s Album by Cover III
7
7-to-1: Billboard Hot 100 #1 Hits of 2010s
8
Guess the Taylor Swift song (Mystery Song)
9
Sorting Albums and Songs
10
2000s Album Cover Bunker
Explore More
Trending Topics
Disney
Harry Potter
Anime
Crossword
Marvel
Kpop
NBA
Pokémon
Song
NFL
Country
WWE
The Office
Soccer
Puzzle
hide this ad
More By:
ateweston85
Quiz
Plays
Rating
Category
Featured
Created
Premier League Hattricks
8,621
4.86
Sports
Nov 22, 2012
Player and Manager in Premier League
5,752
4.55
Sports
Oct 27, 2012
WhatCulture Top 100 WWE Matches
5,600
4.18
Sports
Nov 4, 2016
Serie A Champions XI
4,819
4.47
Sports
Feb 26, 2013
England Test Cricket Records
4,633
4.78
Sports
Jul 3, 2012
Go to Creator's Profile
Score Distribution
Quiz Creator Spotlight
ateweston85
Follow
Send a Message
Quizzes Created
-
Created Quiz Play Count
-
More By This Creator
Popular Quizzes Today
1
Find the US States - No Outlines Minefield
2
Find the Countries of Europe - No Outlines Minefield
3
The Countries of the World
4
Find the US States
5
Popular People in 1961
6
US States
7
Risky Map Clicking: Biggest States A-Z
8
Movies - When Are They Set?
More Music Quizzes
Bands/Artists From California (Part 1)
Quiz Lab
Trending Quizzes
Risky Map Clicking: Least Populous States A-Z
1-10 Letter G Words
1-10 Letter F Words
Risky Map Clicking: Next State Alphabetically
Risky Map Clicking: Biggest States A-Z
Recently Updated
Leaping Animals
pecheneg
Reality TV Shows (A-Z)
bhenderson79
Rickey Henderson's Hall of Fame Teammates
pecheneg
Champions League XIs: Arsenal
pecheneg
Quick Pick: Celebrities in WWE's Hall of Fame
aduchscher
A-Z Keypad Blitz II
pecheneg
Multiple Oscar Actors
pecheneg
Mystery Phrase Blitz: Oscar 'Best Actors'
pecheneg
F. Scott Fitzgerald Novels
LTH
Pick 3 Villains
ddd62291
Trending Topics
Anime
Marvel
Kpop
NBA
Disney
Harry Potter
Crossword
Country
NFL
Pokémon
The Office
Song
Soccer
Puzzle
WWE
Your Account Isn't Verified!
In order to create a playlist on Sporcle, you need to verify the email address you used during registration. Go to your
Sporcle Settings
to finish the process.
Report this User
Report this user for behavior that violates our
Community Guidelines
.
Details:
Send Report
Go to the Sporcle.com Mobile Site →
Comments